| 000 -LEADER |
| fixed length control field |
02298cim a2200553 i 4500 |
| 001 - CONTROL NUMBER |
| control field |
19660745 |
| 003 - CONTROL NUMBER IDENTIFIER |
| control field |
NUST |
| 005 - DATE AND TIME OF LATEST TRANSACTION |
| control field |
20221213181347.0 |
| 007 - PHYSICAL DESCRIPTION FIXED FIELD--GENERAL INFORMATION |
| fixed length control field |
sd fsngnnmmned |
| 008 - FIXED-LENGTH DATA ELEMENTS--GENERAL INFORMATION |
| fixed length control field |
170524t20162016nyunnn|e z | eng d |
| 010 ## - LIBRARY OF CONGRESS CONTROL NUMBER |
| LC control number |
2017623070 |
| 020 ## - INTERNATIONAL STANDARD BOOK NUMBER |
| International Standard Book Number |
9781427274663 |
| 020 ## - INTERNATIONAL STANDARD BOOK NUMBER |
| International Standard Book Number |
1427274665 |
| 024 3# - OTHER STANDARD IDENTIFIER |
| Standard number or code |
9781427274663 |
| 035 ## - SYSTEM CONTROL NUMBER |
| System control number |
(OCoLC)ocn954570363 |
| 040 ## - CATALOGING SOURCE |
| Original cataloging agency |
TOH |
| Language of cataloging |
eng |
| Description conventions |
rda |
| Transcribing agency |
TOH |
| Modifying agency |
TEF |
| -- |
OCLCO |
| -- |
OCLCQ |
| -- |
OCLCF |
| -- |
OCLCO |
| -- |
JPL |
| -- |
OCLCO |
| -- |
ZHB |
| -- |
IHV |
| -- |
IEP |
| -- |
JBL |
| -- |
OCLCO |
| -- |
WIMVL |
| -- |
PLS |
| -- |
DLC |
| 042 ## - AUTHENTICATION CODE |
| Authentication code |
lccopycat |
| 050 00 - LIBRARY OF CONGRESS CALL NUMBER |
| Classification number |
SDC 84516 |
| 082 04 - DEWEY DECIMAL CLASSIFICATION NUMBER |
| Classification number |
303.483,FRI |
| Edition number |
23 |
| 100 1# - MAIN ENTRY--PERSONAL NAME |
| Personal name |
Friedman, Thomas L., |
| Relator term |
author, |
| -- |
narrator. |
| 9 (RLIN) |
10417 |
| 245 10 - TITLE STATEMENT |
| Title |
Thank you for being late : |
| Remainder of title |
an optimist's guide to thriving in the age of accelerations / |
| Statement of responsibility, etc. |
Thomas L. Friedman. |
| 264 #1 - PRODUCTION, PUBLICATION, DISTRIBUTION, MANUFACTURE, AND COPYRIGHT NOTICE |
| Place of production, publication, distribution, manufacture |
New York : |
| Name of producer, publisher, distributor, manufacturer |
Macmillan Audio, |
| Date of production, publication, distribution, manufacture, or copyright notice |
[2016] |
| 264 #4 - PRODUCTION, PUBLICATION, DISTRIBUTION, MANUFACTURE, AND COPYRIGHT NOTICE |
| Date of production, publication, distribution, manufacture, or copyright notice |
℗2016 |
| 300 ## - PHYSICAL DESCRIPTION |
| Extent |
486 p.: |
| 505 ## - FORMATTED CONTENTS NOTE |
| Formatted contents note |
Part-1: Reflecting (Page-3), Part-2: Accelerating (Page-19), Part-3: Innovating (Page-187), Part-4: Anchoring (Page-447). |
| 648 #7 - SUBJECT ADDED ENTRY--CHRONOLOGICAL TERM |
| Chronological term |
2000-2099 |
| Source of heading or term |
fast |
| 9 (RLIN) |
19929 |
| 650 #0 - SUBJECT ADDED ENTRY--TOPICAL TERM |
| Topical term or geographic name entry element |
Technological innovations |
| General subdivision |
Social aspects. |
| 650 #0 - SUBJECT ADDED ENTRY--TOPICAL TERM |
| Topical term or geographic name entry element |
Technology and civilization. |
| 9 (RLIN) |
14664 |
| 650 #0 - SUBJECT ADDED ENTRY--TOPICAL TERM |
| Topical term or geographic name entry element |
Climatic changes |
| General subdivision |
Social aspects. |
| 9 (RLIN) |
104788 |
| 650 #0 - SUBJECT ADDED ENTRY--TOPICAL TERM |
| Topical term or geographic name entry element |
Geopolitics. |
| 9 (RLIN) |
83838 |
| 650 #0 - SUBJECT ADDED ENTRY--TOPICAL TERM |
| Topical term or geographic name entry element |
Political participation. |
| 9 (RLIN) |
97263 |
| 650 #0 - SUBJECT ADDED ENTRY--TOPICAL TERM |
| Topical term or geographic name entry element |
Globalization. |
| 650 #0 - SUBJECT ADDED ENTRY--TOPICAL TERM |
| Topical term or geographic name entry element |
Civilization, Modern |
| Chronological subdivision |
21st century. |
| 9 (RLIN) |
104789 |
| 650 #7 - SUBJECT ADDED ENTRY--TOPICAL TERM |
| Topical term or geographic name entry element |
Civilization, Modern. |
| Source of heading or term |
fast |
| Authority record control number or standard number |
(OCoLC)fst00863073 |
| 9 (RLIN) |
90819 |
| 650 #7 - SUBJECT ADDED ENTRY--TOPICAL TERM |
| Topical term or geographic name entry element |
Climatic changes |
| General subdivision |
Social aspects. |
| Source of heading or term |
fast |
| Authority record control number or standard number |
(OCoLC)fst00864268 |
| 9 (RLIN) |
104788 |
| 650 #7 - SUBJECT ADDED ENTRY--TOPICAL TERM |
| Topical term or geographic name entry element |
Geopolitics. |
| Source of heading or term |
fast |
| Authority record control number or standard number |
(OCoLC)fst00941045 |
| 9 (RLIN) |
83838 |
| 650 #7 - SUBJECT ADDED ENTRY--TOPICAL TERM |
| Topical term or geographic name entry element |
Globalization. |
| Source of heading or term |
fast |
| Authority record control number or standard number |
(OCoLC)fst00943532 |
| 9 (RLIN) |
104794 |
| 650 #7 - SUBJECT ADDED ENTRY--TOPICAL TERM |
| Topical term or geographic name entry element |
Political participation. |
| Source of heading or term |
fast |
| Authority record control number or standard number |
(OCoLC)fst01069386 |
| 9 (RLIN) |
97263 |
| 650 #7 - SUBJECT ADDED ENTRY--TOPICAL TERM |
| Topical term or geographic name entry element |
Technological innovations |
| General subdivision |
Social aspects. |
| Source of heading or term |
fast |
| Authority record control number or standard number |
(OCoLC)fst01145049 |
| 9 (RLIN) |
104795 |
| 650 #7 - SUBJECT ADDED ENTRY--TOPICAL TERM |
| Topical term or geographic name entry element |
Technology and civilization. |
| Source of heading or term |
fast |
| Authority record control number or standard number |
(OCoLC)fst01145253 |
| 9 (RLIN) |
14664 |
| 650 #1 - SUBJECT ADDED ENTRY--TOPICAL TERM |
| Topical term or geographic name entry element |
Technology and civilization. |
| 9 (RLIN) |
14664 |
| 650 #7 - SUBJECT ADDED ENTRY--TOPICAL TERM |
| Topical term or geographic name entry element |
Technological innovations |
| General subdivision |
Social aspects. |
| 9 (RLIN) |
104795 |
| 650 #7 - SUBJECT ADDED ENTRY--TOPICAL TERM |
| Topical term or geographic name entry element |
Globalization. |
| 9 (RLIN) |
104794 |
| 655 #7 - INDEX TERM--GENRE/FORM |
| Genre/form data or focus term |
Audiobooks. |
| Source of term |
lcgft |
| 9 (RLIN) |
22543 |
| 655 #7 - INDEX TERM--GENRE/FORM |
| Genre/form data or focus term |
Audiobooks. |
| Source of term |
fast |
| Authority record control number |
(OCoLC)fst01726208 |
| 9 (RLIN) |
22543 |
| 655 #7 - INDEX TERM--GENRE/FORM |
| Genre/form data or focus term |
Compact discs. |
| Source of term |
lcsh |
| 9 (RLIN) |
104792 |
| 700 1# - ADDED ENTRY--PERSONAL NAME |
| Personal name |
Wyman, Oliver, |
| Relator term |
narrator. |
| 9 (RLIN) |
104793 |
| 942 ## - ADDED ENTRY ELEMENTS (KOHA) |
| Source of classification or shelving scheme |
|
| Koha item type |
Book |
| Call number prefix |
303.483,FRI |